[Event "RUS-ch Rapid 2021"]
[Site "Sochi"]
[Date "2021.10.13"]
[Round "9.23"]
[White "Nazaretyan, Tigran"]
[Black "Potapov, Pavel"]
[Result "1/2-1/2"]
[WhiteElo "2316"]
[BlackElo "2481"]
[Annotator "ChessBase"]
[PlyCount "104"]
[EventDate "2021.10.12"]
[EventType "swiss"]
[EventCountry "RUS"]
[SourceTitle "playchess.com"]
[Source "ChessBase"]
[SourceQuality "1"]
[TimeControl "900+10"]

1. d4 {[%emt 0:00:57]} f5 {[%emt 0:00:04]} 2. Nf3 {[%emt 0:00:00]} Nf6 {
[%emt 0:00:01]} 3. g3 {[%emt 0:00:09]} g6 {[%emt 0:00:13]} 4. Bg2 {[%emt 0:00:
02]} Bg7 {[%emt 0:00:03]} 5. O-O {[%emt 0:00:02]} O-O {[%emt 0:00:00]} 6. c3 {
[%emt 0:00:00]} e6 {[%emt 0:00:05]} 7. a4 {[%emt 0:00:18]} Nc6 {[%emt 0:00:36]}
8. Nbd2 {[%emt 0:00:16]} d6 {[%emt 0:00:05]} 9. b4 {[%emt 0:00:17]} a6 {
[%emt 0:00:46]} 10. Ba3 {[%emt 0:00:21]} Qe7 {[%emt 0:00:33]} 11. Qc2 {[%emt 0:
00:32]} Bd7 {[%emt 0:02:52]} 12. b5 {[%emt 0:01:11]} Nd8 {[%emt 0:00:26]} 13.
c4 {[%emt 0:01:15]} Nf7 {[%emt 0:01:22]} 14. e4 {[%emt 0:00:59]} fxe4 {[%emt 0:
01:24]} 15. Nxe4 {[%emt 0:00:36]} Nxe4 {[%emt 0:02:06]} 16. Qxe4 {[%emt 0:00:
00]} Rab8 {[%emt 0:00:31]} 17. Rfe1 {[%emt 0:01:25]} Ng5 {[%emt 0:02:28]} 18.
Nxg5 {[%emt 0:00:45]} Qxg5 {[%emt 0:00:00]} 19. Rad1 {[%emt 0:00:53]} axb5 {
[%emt 0:01:10]} 20. axb5 {[%emt 0:00:36]} b6 {[%emt 0:00:11]} 21. f4 {[%emt 0:
00:36]} Qf6 {[%emt 0:01:41]} 22. Bb2 {[%emt 0:01:15]} Qf5 {[%emt 0:00:25]} 23.
Qxf5 {[%emt 0:00:29]} gxf5 {[%emt 0:00:05]} 24. Ra1 {[%emt 0:00:10]} Kf7 {
[%emt 0:00:35]} 25. Ra7 {[%emt 0:00:13]} Rfc8 {[%emt 0:00:08]} 26. Kf2 {
[%emt 0:00:55]} Bf6 {[%emt 0:00:17]} 27. Bf3 {[%emt 0:00:13]} Kg6 {[%emt 0:00:
14]} 28. Ke3 {[%emt 0:00:33]} d5 {[%emt 0:00:15]} 29. Kd3 {[%emt 0:00:38]} Ra8
{[%emt 0:00:21]} 30. Rea1 {[%emt 0:00:13]} Rxa7 {[%emt 0:00:00]} 31. Rxa7 {
[%emt 0:00:02]} Be7 {[%emt 0:00:20]} 32. Kc3 {[%emt 0:00:19]} Bd6 {[%emt 0:00:
10]} 33. Bc1 {[%emt 0:01:07]} h5 {[%emt 0:00:33]} 34. Be3 {[%emt 0:00:00]} dxc4
{[%emt 0:00:00]} 35. Kxc4 {[%emt 0:00:12]} Rh8 {[%emt 0:00:13]} 36. Bd2 {
[%emt 0:00:25]} h4 {[%emt 0:00:08]} 37. Bb4 {[%emt 0:00:03]} hxg3 {[%emt 0:00:
37]} 38. hxg3 {[%emt 0:00:19]} Be8 {[%emt 0:00:04]} 39. Ra8 {[%emt 0:00:26]}
Kg7 {[%emt 0:00:24]} 40. Bc3 {[%emt 0:00:16]} Kf7 {[%emt 0:00:05]} 41. d5 {
[%emt 0:00:06]} Rh3 {[%emt 0:00:08]} 42. dxe6+ {[%emt 0:00:06]} Ke7 {[%emt 0:
00:00]} 43. Be1 {[%emt 0:00:40]} Rh2 {[%emt 0:00:11]} 44. Bd5 {[%emt 0:01:00]}
Rc2+ {[%emt 0:00:19]} 45. Bc3 {[%emt 0:00:23]} Bxb5+ {[%emt 0:00:09]} 46. Kb3 {
[%emt 0:00:10]} Re2 {[%emt 0:00:12]} 47. Rg8 {[%emt 0:00:08]} c6 {[%emt 0:00:
05]} 48. Rg7+ {[%emt 0:00:03]} Ke8 {[%emt 0:00:01]} 49. Rg8+ {[%emt 0:01:00]}
Ke7 {[%emt 0:00:01]} 50. Rg7+ {[%emt 0:00:10]} Ke8 {[%emt 0:00:26]} 51. Rg8+ {
[%emt 0:00:16]} Ke7 {[%emt 0:00:02]} 52. Rg7+ {[%emt 0:00:05]} Kf8 {[%emt 0:00:
16]} 1/2-1/2

[Event "RUS-ch Rapid 2021"]
[Site "Sochi"]
[Date "2021.10.13"]
[Round "9.24"]
[White "Nesterov, Arseniy"]
[Black "Grebnev, Aleksey"]
[Result "1/2-1/2"]
[WhiteElo "2514"]
[BlackElo "2469"]
[Annotator "ChessBase"]
[PlyCount "115"]
[EventDate "2021.10.12"]
[EventType "swiss"]
[EventCountry "RUS"]
[SourceTitle "playchess.com"]
[Source "ChessBase"]
[SourceQuality "1"]
[TimeControl "900+10"]

1. d4 {[%emt 0:00:00]} Nf6 {[%emt 0:00:04]} 2. c4 {[%emt 0:00:06]} g6 {[%emt 0:
00:07]} 3. Nc3 {[%emt 0:00:00]} Bg7 {[%emt 0:00:00]} 4. e4 {[%emt 0:00:03]} d6
{[%emt 0:00:08]} 5. Be2 {[%emt 0:00:00]} O-O {[%emt 0:00:00]} 6. Be3 {[%emt 0:
00:00]} Na6 {[%emt 0:00:00]} 7. h4 {[%emt 0:00:11]} h5 {[%emt 0:00:00]} 8. f3 {
[%emt 0:00:11]} e5 {[%emt 0:00:06]} 9. d5 {[%emt 0:00:00]} c6 {[%emt 0:00:36]}
10. Qd2 {[%emt 0:00:18]} Bd7 {[%emt 0:00:27]} 11. Nh3 {[%emt 0:00:05]} cxd5 {
[%emt 0:01:49]} 12. cxd5 {[%emt 0:00:06]} Ne8 {[%emt 0:00:30]} 13. Nf2 {
[%emt 0:01:41]} f5 {[%emt 0:00:09]} 14. exf5 {[%emt 0:00:31]} gxf5 {[%emt 0:00:
04]} 15. f4 {[%emt 0:00:04]} Nf6 {[%emt 0:00:31]} 16. O-O {[%emt 0:00:52]} Ng4
{[%emt 0:01:00]} 17. Nxg4 {[%emt 0:00:04]} hxg4 {[%emt 0:00:11]} 18. g3 {
[%emt 0:00:13]} e4 {[%emt 0:00:00]} 19. Bxa6 {[%emt 0:01:10]} bxa6 {[%emt 0:00:
00]} 20. Rfc1 {[%emt 0:00:00]} Qb8 {[%emt 0:01:15]} 21. Rc2 {[%emt 0:01:16]}
Rc8 {[%emt 0:00:33]} 22. Rac1 {[%emt 0:00:17]} Qb4 {[%emt 0:00:53]} 23. Nd1 {
[%emt 0:00:43]} Qb7 {[%emt 0:01:01]} 24. Rxc8+ {[%emt 0:00:30]} Rxc8 {[%emt 0:
00:01]} 25. Rxc8+ {[%emt 0:00:04]} Bxc8 {[%emt 0:00:14]} 26. Nc3 {[%emt 0:00:
34]} Qb4 {[%emt 0:00:19]} 27. Bxa7 {[%emt 0:00:35]} Bb7 {[%emt 0:00:32]} 28. a3
{[%emt 0:00:25]} Qc4 {[%emt 0:01:29]} 29. Kf2 {[%emt 0:01:20]} a5 {[%emt 0:01:
44]} 30. Be3 {[%emt 0:03:36]} Kf7 {[%emt 0:02:26]} 31. Qe2 {[%emt 0:01:21]}
Bxd5 {[%emt 0:00:00]} 32. Qxc4 {[%emt 0:00:20]} Bxc4 {[%emt 0:00:01]} 33. Bb6 {
[%emt 0:00:10]} d5 {[%emt 0:01:31]} 34. Ke3 {[%emt 0:00:00]} Bxc3 {[%emt 0:02:
08]} 35. bxc3 {[%emt 0:00:00]} a4 {[%emt 0:00:00]} 36. Kd4 {[%emt 0:00:00]} Ke6
{[%emt 0:00:09]} 37. Bc5 {[%emt 0:00:16]} Bb3 {[%emt 0:00:27]} 38. h5 {[%emt 0:
00:37]} Kf6 {[%emt 0:00:02]} 39. h6 {[%emt 0:01:45]} e3 {[%emt 0:00:26]} 40.
Kxe3 {[%emt 0:00:23]} Bc2 {[%emt 0:00:07]} 41. Kd4 {[%emt 0:00:36]} Be4 {
[%emt 0:00:04]} 42. Bf8 {[%emt 0:00:13]} Kg6 {[%emt 0:00:00]} 43. Ke5 {[%emt 0:
00:05]} Kh7 {[%emt 0:00:00]} 44. Kf6 {[%emt 0:00:05]} Bd3 {[%emt 0:00:07]} 45.
Bg7 {[%emt 0:00:17]} Be4 {[%emt 0:00:00]} 46. Ke6 {[%emt 0:00:02]} Kg8 {
[%emt 0:00:04]} 47. Bf6 {[%emt 0:00:29]} Kh7 {[%emt 0:00:04]} 48. Bg5 {[%emt 0:
00:00]} Kg8 {[%emt 0:00:00]} 49. Ke5 {[%emt 0:00:02]} Kh7 {[%emt 0:00:07]} 50.
Kf6 {[%emt 0:00:00]} Bd3 {[%emt 0:00:02]} 51. Ke7 {[%emt 0:00:05]} Be4 {
[%emt 0:00:03]} 52. Kd6 {[%emt 0:00:02]} Kg8 {[%emt 0:00:10]} 53. Kc5 {[%emt 0:
00:02]} Kh7 {[%emt 0:00:00]} 54. Kb5 {[%emt 0:00:02]} Bc2 {[%emt 0:00:00]} 55.
Kb4 {[%emt 0:00:04]} Kg8 {[%emt 0:00:01]} 56. Bf6 {[%emt 0:00:05]} Kh7 {
[%emt 0:00:03]} 57. Bg7 {[%emt 0:00:11]} Kg8 {[%emt 0:00:01]} 58. Kc5 {[%emt 0:
00:10]} 1/2-1/2

[Event "RUS-ch Rapid 2021"]
[Site "Sochi"]
[Date "2021.10.13"]
[Round "10.1"]
[White "Tsydypov, Zhamsaran"]
[Black "Moiseenko, Vadim"]
[Result "1-0"]
[WhiteElo "2526"]
[BlackElo "2542"]
[Annotator "ChessBase"]
[PlyCount "93"]
[EventDate "2021.10.12"]
[EventType "swiss"]
[EventCountry "RUS"]
[SourceTitle "playchess.com"]
[Source "ChessBase"]
[SourceQuality "1"]
[TimeControl "900+10"]

1. d4 {[%emt 0:01:00]} Nf6 {[%emt 0:00:22]} 2. c4 {[%emt 0:00:05]} d6 {[%emt 0:
00:07]} 3. Nc3 {[%emt 0:00:11]} Bf5 {[%emt 0:00:03]} 4. g3 {[%emt 0:00:15]} c6
{[%emt 0:00:15]} 5. Bg2 {[%emt 0:00:03]} Nbd7 {[%emt 0:00:15]} 6. e4 {[%emt 0:
00:14]} Bg6 {[%emt 0:00:06]} 7. Nge2 {[%emt 0:00:06]} e5 {[%emt 0:00:00]} 8.
O-O {[%emt 0:00:06]} Be7 {[%emt 0:00:00]} 9. h3 {[%emt 0:00:18]} O-O {[%emt 0:
00:19]} 10. Be3 {[%emt 0:00:49]} Re8 {[%emt 0:00:08]} 11. f4 {[%emt 0:00:23]}
h6 {[%emt 0:00:00]} 12. g4 {[%emt 0:01:15]} Bf8 {[%emt 0:01:08]} 13. Ng3 {
[%emt 0:00:24]} exf4 {[%emt 0:01:31]} 14. Bxf4 {[%emt 0:00:56]} b5 {[%emt 0:00:
01]} 15. cxb5 {[%emt 0:00:43]} cxb5 {[%emt 0:00:00]} 16. a3 {[%emt 0:01:40]}
Qb6 {[%emt 0:00:39]} 17. h4 {[%emt 0:00:55]} Rac8 {[%emt 0:02:03]} 18. g5 {
[%emt 0:00:05]} hxg5 {[%emt 0:00:03]} 19. hxg5 {[%emt 0:00:00]} Rxc3 {[%emt 0:
00:15]} 20. bxc3 {[%emt 0:00:30]} Nxe4 {[%emt 0:00:02]} 21. Nxe4 {[%emt 0:00:
59]} Bxe4 {[%emt 0:00:00]} 22. Bxe4 {[%emt 0:00:59]} Rxe4 {[%emt 0:00:03]} 23.
g6 {[%emt 0:00:20]} Nf6 {[%emt 0:03:37]} 24. gxf7+ {[%emt 0:00:04]} Kxf7 {
[%emt 0:00:00]} 25. Bg5 {[%emt 0:00:05]} Re5 {[%emt 0:01:33]} 26. Qh5+ {
[%emt 0:00:49]} Ke6 {[%emt 0:01:40]} 27. Qg6 {[%emt 0:01:43]} Be7 {[%emt 0:01:
04]} 28. Qxg7 {[%emt 0:00:37]} Nd5 {[%emt 0:00:42]} 29. Bxe7 {[%emt 0:01:23]}
Nxe7 {[%emt 0:00:00]} 30. Rae1 {[%emt 0:00:55]} Kd7 {[%emt 0:00:06]} 31. Rxe5 {
[%emt 0:00:17]} dxe5 {[%emt 0:00:00]} 32. Rf6 {[%emt 0:00:11]} Qc7 {[%emt 0:00:
46]} 33. Qg4+ {[%emt 0:00:06]} Ke8 {[%emt 0:00:04]} 34. Qh5+ {[%emt 0:00:00]}
Kd7 {[%emt 0:00:03]} 35. Qxe5 {[%emt 0:00:36]} Qxc3 {[%emt 0:00:44]} 36. Qxb5+
{[%emt 0:00:40]} Kc7 {[%emt 0:00:16]} 37. Qe5+ {[%emt 0:00:08]} Kd7 {[%emt 0:
00:00]} 38. Rd6+ {[%emt 0:00:50]} Kc8 {[%emt 0:00:04]} 39. Qxe7 {[%emt 0:00:11]
} Qg3+ {[%emt 0:00:25]} 40. Kf1 {[%emt 0:00:00]} Qf3+ {[%emt 0:00:23]} 41. Ke1
{[%emt 0:00:05]} Qg3+ {[%emt 0:00:36]} 42. Kd2 {[%emt 0:00:11]} Qf2+ {[%emt 0:
00:49]} 43. Kc3 {[%emt 0:00:15]} Qf3+ {[%emt 0:00:17]} 44. Kc4 {[%emt 0:00:20]}
Qf1+ {[%emt 0:00:03]} 45. Kd5 {[%emt 0:00:05]} Qb5+ {[%emt 0:00:05]} 46. Ke6 {
[%emt 0:00:05]} Qe2+ {[%emt 0:00:09]} 47. Kf6 {[%emt 0:00:05]} 1-0

[Event "RUS-ch Rapid 2021"]
[Site "Sochi"]
[Date "2021.10.13"]
[Round "10.2"]
[White "Rozum, Ivan"]
[Black "Artemiev, Vladislav"]
[Result "1-0"]
[WhiteElo "2529"]
[BlackElo "2699"]
[Annotator "TA"]
[PlyCount "135"]
[EventDate "2021.10.12"]
[EventType "swiss"]
[EventCountry "RUS"]
[SourceTitle "playchess.com"]
[Source "ChessBase"]
[SourceQuality "1"]

{[%evp 11,135,12,14,10,19,13,13,13,16,29,23,12,4,14,16,25,32,32,36,25,32,0,22,
-14,0,-26,-6,-58,-58,-53,-47,-39,-12,-62,-56,-75,-18,-25,-20,-26,-6,-7,-8,-9,
-8,-13,0,0,7,8,8,8,8,8,8,4,24,8,33,8,118,112,114,110,192,181,191,191,383,379,
349,207,1152,1145,1071,988,1706,1706,1706,1706,1706,1694,1694,1694,1694,1694,
1683,1669,1662,1662,1616,1147,1662,479,479,472,450,432,231,79,79,79,29967,
29968,29967,29966,29966,29967,29968,29969,29971,29971,29975,29976,29981,29982,
29982,29983,29981,29982,29985,29986,29986,29987,29989,29987]} 1. Nf3 d5 2. g3
Bg4 3. Bg2 Nd7 4. c4 e6 5. cxd5 exd5 6. O-O c6 7. h3 {A11: English Opening: 1..
.c6.} Bh5 8. d3 Bc5 9. e4 {The position is equal.} dxe4 10. dxe4 Ngf6 11. Qc2
O-O 12. Nc3 Bxf3 13. Bxf3 Re8 14. Bg2 Qe7 {[#]} 15. Bd2 $5 $146 {[%mdl 8] An
interesting novelty.} ({Predecessor:} 15. Kh2 Bd4 16. Bf4 Qc5 17. Rad1 Rad8 18.
Rd2 Nf8 19. Rd3 Ne6 20. Bc1 Qh5 21. Bf3 {1-0 (42) Rapport,R (2720)-Gretarsson,
H (2572) Reykjavik 2016}) 15... Rad8 16. Rad1 Bd4 17. Bf4 Ne5 18. Ne2 Bb6 19.
Rxd8 ({Better is} 19. Nc3 $11) 19... Rxd8 $15 20. Rd1 Rxd1+ 21. Qxd1 h6 22. Qc2
g5 23. Bd2 Qd6 ({Black should try} 23... g4 $1 $17 24. hxg4 Nfxg4) 24. Bc3 $11
Nfd7 25. Nc1 h5 (25... Nc5 {feels hotter.} 26. Kh2 a5 27. Qe2 Ne6 28. Bxe5 Qxe5
29. Nd3 Qb5) 26. Qd2 Qxd2 27. Bxd2 g4 28. Kf1 Kf8 29. Ke2 Ke7 30. Bc3 c5 31. f4
gxf3+ $1 32. Bxf3 Nxf3 33. Kxf3 {[%mdl 4096] Endgame KBN-KBN} Bc7 34. Nd3 b5
35. b3 c4 (35... Ke6 $11) 36. bxc4 $1 $16 bxc4 37. Nb2 Nb6 (37... Be5 $16 {
is a better defense.} 38. Bb4+ Ke6 39. Nxc4 Bd4) 38. Bd4 $18 Ke6 {...Be5 would
now be nice for Black.} 39. Bxb6 c3 $2 (39... Bxb6 40. Nxc4 Bg1) 40. Bd4 ({
Avoid the trap} 40. Bxc7 $2 cxb2 41. g4 hxg4+ 42. hxg4 b1=Q $19) 40... cxb2 41.
Bxb2 {KB-KB} f5 (41... Bb6 42. g4 hxg4+ 43. Kxg4 (43. hxg4 a6 $16) 43... Be3)
42. exf5+ Kxf5 43. g4+ hxg4+ 44. hxg4+ Ke6 45. Ke4 Bd8 46. Bc1 Bf6 47. Be3 a6
48. a4 Bd8 49. Bd4 Be7 50. Bc3 Bd8 51. Kd4 Bf6+ 52. Kc4 {White wants to mate
with Bxf6.} Be7 53. Bd4 Ba3 54. g5 Kf5 55. Be3 (55. Bf6 $1 $18 {and the rest
is easy. Strongly threatening Kd5.} Ke6 56. Kd4) 55... Be7 $16 56. Kd5 Bb4 {
[%mdl 8192] This costs Black the game.} (56... a5 $16) 57. Kc6 {White mates.}
Bc3 58. Kb6 a5 59. Kb5 Be1 60. Bb6 Bd2 {[#]} 61. Bd8 $1 Kg6 62. Bxa5 Bxg5 63.
Bb4 Bd8 {[#]} 64. Bc5 $1 {[%cal Rc5b6]} Kf5 65. Bb6 Ke6 66. Bxd8 Kd7 {[#]} 67.
Kb6 $1 Kc8 {[#]} (67... Kxd8 68. Kb7) 68. Ka7 $1 {Weighted Error Value:
White=0.10/Black=0.29} 1-0

[Event "RUS-ch Rapid 2021"]
[Site "Sochi"]
[Date "2021.10.13"]
[Round "10.3"]
[White "Sjugirov, Sanan"]
[Black "Alekseev, Evgeny"]
[Result "1/2-1/2"]
[WhiteElo "2663"]
[BlackElo "2602"]
[Annotator "TA"]
[PlyCount "43"]
[EventDate "2021.10.12"]
[EventType "swiss"]
[EventCountry "RUS"]
[SourceTitle "playchess.com"]
[Source "ChessBase"]
[SourceQuality "1"]

{[%evp 18,43,44,3,7,-22,-22,-7,25,17,60,66,58,54,55,9,17,16,0,0,2,-6,4,12,7,
-33,-37,-55]} 1. d4 Nf6 2. c4 e6 3. Nc3 d5 4. cxd5 exd5 5. Bg5 c6 6. e3 Nbd7 {
[%cal Bb8d7,Bd7f8,Bf8g6][%mdl 32]} 7. Bd3 Bd6 8. Qc2 Nf8 $1 {[%mdl 4] is
currently scoring better than 8...h6.} 9. Nf3 Ng6 10. O-O-O h6 {D35: Queen's
Gambit Declined: Exchange Variation.} 11. Bxf6 Qxf6 12. e4 dxe4 {The position
is equal.} 13. Nxe4 {[#]} Bf4+ $5 $146 {[%mdl 8] New and interesting.} ({
Predecessor:} 13... Qf4+ 14. Nfd2 Be7 15. g3 Qg4 16. h4 Qh5 17. f3 O-O 18. Rde1
Be6 19. Nc3 Nxh4 20. gxh4 Bxh4 21. Re5 g5 22. Rxe6 {1-0 (22) Bai,J (2618)-Tica,
S (2398) Chess.com INT 2020}) 14. Kb1 Qd8 15. Qc5 Qe7 16. Rhe1 {[#] Hoping for
Nd6+.} O-O $1 17. Qxe7 Nxe7 18. Ne5 Rd8 19. Bc2 Nd5 ({Much worse is} 19... Bxh2
$6 20. g3 $16) 20. g3 Bg5 21. Nxg5 hxg5 22. a3 {Weighted Error Value: White=0.
16/Black=0.08} 1/2-1/2

[Event "RUS-ch Rapid 2021"]
[Site "Sochi"]
[Date "2021.10.13"]
[Round "10.4"]
[White "Lysyj, Igor"]
[Black "Bocharov, Dmitry"]
[Result "0-1"]
[WhiteElo "2603"]
[BlackElo "2517"]
[Annotator "RC"]
[PlyCount "74"]
[EventDate "2021.10.12"]
[EventType "swiss"]
[EventCountry "RUS"]
[SourceTitle "playchess.com"]
[Source "ChessBase"]
[SourceQuality "1"]
[TimeControl "900+10"]

1. d4 {[%emt 0:00:00]} Nf6 {[%emt 0:00:04]} 2. c4 {[%emt 0:00:02]} e6 {[%emt 0:
00:04]} 3. Nf3 {[%emt 0:00:11]} b6 {[%emt 0:01:04]} 4. g3 {[%emt 0:00:00]} Bb7
{[%emt 0:00:08]} 5. Bg2 {[%emt 0:00:00]} Be7 {[%emt 0:00:05]} 6. O-O {[%emt 0:
00:00]} O-O {[%emt 0:00:02]} 7. Nc3 {[%emt 0:00:02]} Ne4 {[%emt 0:00:32]} 8.
Qc2 {[%emt 0:00:00]} Nxc3 {[%emt 0:00:16]} 9. Qxc3 {[%emt 0:00:00]} Bf6 {
[%emt 0:00:16]} 10. Qd3 {[%emt 0:00:15]} d5 {[%emt 0:01:12]} 11. cxd5 {[%emt 0:
00:20]} exd5 {[%emt 0:00:00]} 12. Be3 {[%emt 0:00:14]} a5 {[%emt 0:02:04]} 13.
Rac1 {[%emt 0:01:26]} Na6 {[%emt 0:00:00]} 14. a3 {[%emt 0:01:14]} Re8 {
[%emt 0:00:07]} 15. Qb5 {[%emt 0:00:40]} c6 {[%emt 0:02:05]} 16. Qb3 {[%emt 0:
00:00]} h6 {[%emt 0:01:36]} 17. Rc2 {[%emt 0:00:49]} Ra7 {[%emt 0:02:10]} 18.
Rfc1 {[%emt 0:00:26]} c5 {[%emt 0:01:01]} 19. dxc5 {[%emt 0:00:48]} Nxc5 {
[%emt 0:00:15]} 20. Bxc5 {[%emt 0:04:11]} bxc5 {[%emt 0:00:03]} 21. Rxc5 {
[%emt 0:00:11]} Rxe2 {[%emt 0:00:22]} 22. R5c2 {[%emt 0:01:29]} Rxc2 {[%emt 0:
00:17]} 23. Qxc2 {[%emt 0:00:28]} Ra8 {[%emt 0:00:17]} 24. Qd2 {[%emt 0:00:17]}
a4 {[%emt 0:01:00]} 25. h4 {[%emt 0:01:05]} Qb6 {[%emt 0:00:08]} 26. Ne1 {
[%emt 0:00:07]} Re8 {[%emt 0:00:43]} 27. Nd3 {[%emt 0:00:13]} Ba6 {[%emt 0:00:
38]} 28. Rd1 {[%emt 0:01:45]} Bc4 {[%emt 0:00:34]} 29. Nb4 {[%emt 0:01:28]} Re2
{[%emt 0:00:56]} 30. Qf4 {[%emt 0:00:00]} Be5 {[%emt 0:00:43]} 31. Qf3 {
[%emt 0:00:51]} Bd4 {[%emt 0:00:38]} 32. Nxd5 {[%emt 0:00:39]} Qxb2 {[%emt 0:
00:15]} 33. Qg4 {[%emt 0:00:50]} Bxf2+ {[%emt 0:00:21]} 34. Kh1 {[%emt 0:00:00]
} Bxd5 {[%emt 0:00:22]} 35. Qc8+ {[%emt 0:00:26]} Kh7 {[%emt 0:00:02]} 36. Bxd5
{[%emt 0:00:00]} Qe5 {[%emt 0:00:32]} 37. Qg4 {[%emt 0:00:24]} f5 {[%emt 0:00:
06]} 0-1

[Event "RUS-ch Rapid 2021"]
[Site "Sochi"]
[Date "2021.10.13"]
[Round "10.5"]
[White "Sarana, Alexey"]
[Black "Timofeev, Artyom"]
[Result "1-0"]
[WhiteElo "2649"]
[BlackElo "2586"]
[Annotator "RC"]
[PlyCount "94"]
[EventDate "2021.10.12"]
[EventType "swiss"]
[EventCountry "RUS"]
[SourceTitle "playchess.com"]
[Source "ChessBase"]
[SourceQuality "1"]
[TimeControl "900+10"]

1. d4 {[%emt 0:00:00]} d5 {[%emt 0:00:04]} 2. Nf3 {[%emt 0:00:09]} Nf6 {
[%emt 0:00:17]} 3. c4 {[%emt 0:00:00]} dxc4 {[%emt 0:00:00]} 4. e3 {[%emt 0:00:
27]} e6 {[%emt 0:00:00]} 5. Bxc4 {[%emt 0:00:06]} c5 {[%emt 0:00:02]} 6. O-O {
[%emt 0:00:00]} a6 {[%emt 0:00:00]} 7. dxc5 {[%emt 0:00:35]} Bxc5 {[%emt 0:00:
00]} 8. Qxd8+ {[%emt 0:00:07]} Kxd8 {[%emt 0:00:00]} 9. Nfd2 {[%emt 0:00:00]}
Ke7 {[%emt 0:00:22]} 10. Be2 {[%emt 0:00:00]} Bd7 {[%emt 0:00:36]} 11. Nb3 {
[%emt 0:00:28]} Bd6 {[%emt 0:00:21]} 12. f3 {[%emt 0:00:18]} Nd5 {[%emt 0:01:
20]} 13. Rd1 {[%emt 0:00:38]} Bc7 {[%emt 0:00:59]} 14. Nc3 {[%emt 0:00:47]} Bc6
{[%emt 0:01:31]} 15. Nd4 {[%emt 0:02:33]} Nxc3 {[%emt 0:00:10]} 16. bxc3 {
[%emt 0:00:08]} Rc8 {[%emt 0:00:00]} 17. Ba3+ {[%emt 0:00:07]} Ke8 {[%emt 0:00:
04]} 18. Rab1 {[%emt 0:00:10]} Ba4 {[%emt 0:00:58]} 19. Rdc1 {[%emt 0:00:55]}
b6 {[%emt 0:00:42]} 20. Bd3 {[%emt 0:01:19]} Nd7 {[%emt 0:00:51]} 21. Be4 {
[%emt 0:02:51]} Rab8 {[%emt 0:00:15]} 22. Rb4 {[%emt 0:01:22]} b5 {[%emt 0:00:
05]} 23. Rbb1 {[%emt 0:01:18]} Bb6 {[%emt 0:02:54]} 24. Bd6 {[%emt 0:00:00]}
Bc7 {[%emt 0:00:01]} 25. Ba3 {[%emt 0:00:07]} Bb6 {[%emt 0:00:01]} 26. Bd6 {
[%emt 0:00:51]} Bc7 {[%emt 0:00:00]} 27. Bb4 {[%emt 0:00:00]} Bb6 {[%emt 0:00:
00]} 28. Kf2 {[%emt 0:02:43]} Bc5 {[%emt 0:00:38]} 29. Ke2 {[%emt 0:00:26]} Rc7
{[%emt 0:00:55]} 30. Bc6 {[%emt 0:00:23]} Bxd4 {[%emt 0:01:32]} 31. cxd4 {
[%emt 0:00:07]} Rbc8 {[%emt 0:00:00]} 32. Bxd7+ {[%emt 0:00:15]} Kxd7 {[%emt 0:
00:01]} 33. Bc5 {[%emt 0:00:00]} a5 {[%emt 0:00:24]} 34. a3 {[%emt 0:00:00]} e5
{[%emt 0:00:00]} 35. Kd3 {[%emt 0:00:01]} exd4 {[%emt 0:00:14]} 36. exd4 {
[%emt 0:00:00]} Re8 {[%emt 0:00:31]} 37. Re1 {[%emt 0:01:26]} Rcc8 {[%emt 0:00:
35]} 38. Re4 {[%emt 0:00:13]} f5 {[%emt 0:00:14]} 39. Rxe8 {[%emt 0:00:40]}
Rxe8 {[%emt 0:00:00]} 40. Rb2 {[%emt 0:00:09]} Kc6 {[%emt 0:00:12]} 41. Re2 {
[%emt 0:00:11]} Rxe2 {[%emt 0:00:11]} 42. Kxe2 {[%emt 0:00:00]} Kd5 {[%emt 0:
00:21]} 43. Kd3 {[%emt 0:00:10]} Bb3 {[%emt 0:00:10]} 44. Kc3 {[%emt 0:00:00]}
Bc4 {[%emt 0:00:04]} 45. Bb6 {[%emt 0:00:00]} a4 {[%emt 0:00:32]} 46. g3 {
[%emt 0:00:17]} Be2 {[%emt 0:00:00]} 47. f4 {[%emt 0:00:00]} g6 {[%emt 0:00:23]
} 1-0